01136nam a2200229 a 4500008004100000020001500041050002300056100001700079245017800096260004000274300002000314350000900334490008100343650007400424650001600498650006200514650006600576700001700642995010000659999001700759952013000776071019s1998 ||||||||||||||||| || u a0821340867 aIBRD(06)EAP/1998/2 aAmbler, Mark10aPriorities for environmental expenditures in industry: Eastern Europe and the former Soviet UnioncMark Ambler; John Marrow, with contributions by wynne Jones...[and others] aWashington, D. C.bWorld Bankc1998 axv, 249p.: ill. a0.00 aReport for the Environmental Action Programme for Central and Eastern Europe aENVIRONMENTAL PROTECTION--FORMER SOVIET REPUBLICS--COST EFFECTIVENESS aENVIRONMENT aENVIRONMENTAL POLICY--EUROPE, EASTERN--COST EFFECTIVENESS aENVIRONMENTAL PROTECTION--EUROPE, EASTERN--COST EFFECTIVENESS aMarrow, John D0.00FCBU-MAIN LIBRARY (Kitwe)H1I0.00M1UAVAILABLEWOct 19, 2007ZInternational Publications c54658d54658 00102lcc4070a001b001cInternational Publicationsd2022-11-30l0oIBRD(06)EAP/1998/2p022063r2022-11-30w2022-11-30y002